| 000 | 00702cam a22002533a 4500 | ||
|---|---|---|---|
| 001 | 25029 | ||
| 003 | PGUSA | ||
| 005 | 20140828083534.0 | ||
| 008 | 080410s2008||||xxu|||||s|||||000 | eng d | ||
| 040 |
_aPGUSA _beng |
||
| 042 | _adc | ||
| 050 | 4 | _aCT | |
| 050 | 4 | _aDA | |
| 100 | 1 |
_aStebbing, W. _q(William), _d1832-1926 |
|
| 245 | 1 | 0 |
_aSir Walter Ralegh : _bA Biography _h[electronic resource] / _cW. Stebbing |
| 260 |
_bProject Gutenberg, _c2008 |
||
| 506 | _aPublic domain in the USA. | ||
| 516 | _aElectronic text | ||
| 653 | _aBiography | ||
| 653 | _aRaleigh, Walter, Sir, 1552?-1618 | ||
| 830 | 0 |
_aProject Gutenberg _v25029 |
|
| 856 | 4 | 0 | _uhttp://www.gutenberg.org/ebooks/25029 |
| 942 | _cEB | ||
| 999 |
_c254284 _d254284 |
||